Genshin: Sammelbares - Inazuma - Statistiken

Allgemein
  • Dieses Quiz wurde 2 mal gespielt
  • Das Durchschnittsergebnis liegt bei 6 aus 12
Antwortstatistiken
Bildquiz Antwort % Korrekt
Leuchtpilz
100%
Sakura-Blüte
100%
Seegras
100%
Amakumo-Frucht
50%
Dendrobium
50%
Lavendelmelone
50%
Naku-Kraut
50%
Onikabuto
50%
Sango-Perle
50%
Amethyst-Brocken
0%
Kristallmark
0%
Meereslackporling
0%
Keine übereinstimmenden Quizze gefunden
Verteilung der Resultate
Anzahl Personen mit jedem Resultat
Perzentil nach korrekt beantworteten Fragen
Ihre Resultats-Entwicklung
Sie haben dieses Quiz noch nicht gespielt